000 01540nam0a2200349 4500
001 RU\NLR\BIBL_A\012507499
005 20260227115231.0
010 _a978-5-91327-649-0
_9500
021 _aRU
_bКН-П-20-081720
_9КН-П-20-6196
035 _a(NLR Aleph) 012507499
035 _a(RuMoRGB)010520620
090 _a12258474
_c12258474
100 _a20210420d2020 u y0rusy50 ca
101 0 _arus
102 _aRU
105 _aach|z|||000cb
181 0 _ai3
_baxxe
181 0 _ab2
_bxb2e
182 0 _an
200 1 _aПрофессор Алевтина Васильевна Горькова
_eбиографический очерк
_fН. Ю. Стукова
203 _aТекст
_aИзображение
_bвизуальные
_cнепосредственные
210 _aМосква
_cИздательский дом Академии Естествознания
_d2020
215 _a77, [1] с.
_cил., цв. ил., портр., факс.
_d29
600 1 _aГорькова
_bА. В.
_f1927 - 2020
_gАлевтина Васильевна
_92476028
_3RU\NLR\AUTH\6601686991
686 1 _aР.г(2)7д Горькова
700 1 _7ca
_8rus
_aСтукова
_bН. Ю.
_cканд. мед. наук, иммунолог, биограф
_f1961-
_gНаталия Юрьевна
_92698842
_3RU\NLR\AUTH\770290471
702 1 _aГорькова
_bА. В.
_f1927-2020
_gАлевтина Васильевна
_4280
942 _cBOOK
980 _aNBR
980 _aNB